00390nam a2200145 i 450000100060000000300090000600500170001500700030003200800410003510000210007624500470009726000570014430000220020185200210022389563ES-MaACL20230906180224.0t|050111s1917 fr ||||1| fre d1 aLaskine, Edmond.14aLe socialisme national / cEdmond Laskine. aParís : b[s.n., c1917] (eCorbeil : fCrété) a200 p. ; c19 cm. aES-MaACLjF-5619